<?xml version="1.0" encoding="UTF-8"?>
<record
    xmlns:xsi="http://www.w3.org/2001/XMLSchema-instance"
    xsi:schemaLocation="http://www.loc.gov/MARC21/slim http://www.loc.gov/standards/marcxml/schema/MARC21slim.xsd"
    xmlns="http://www.loc.gov/MARC21/slim">

  <leader>00723nam a2200241   4500</leader>
  <controlfield tag="001">258</controlfield>
  <controlfield tag="003">OSt</controlfield>
  <controlfield tag="005">20250224141919.0</controlfield>
  <controlfield tag="008">250224b        |||||||g |||| 00| 0 eng d</controlfield>
  <datafield tag="040" ind1=" " ind2=" ">
    <subfield code="b">por</subfield>
  </datafield>
  <datafield tag="041" ind1=" " ind2=" ">
    <subfield code="h">por</subfield>
  </datafield>
  <datafield tag="082" ind1=" " ind2=" ">
    <subfield code="a">352.16</subfield>
    <subfield code="b">T324</subfield>
  </datafield>
  <datafield tag="245" ind1=" " ind2=" ">
    <subfield code="a">Terras Altas:</subfield>
    <subfield code="b">Ano I, n&#xB0;02 /</subfield>
  </datafield>
  <datafield tag="260" ind1=" " ind2=" ">
    <subfield code="a">Belo Horizonte</subfield>
    <subfield code="b">Expediente</subfield>
    <subfield code="c">2008</subfield>
  </datafield>
  <datafield tag="300" ind1=" " ind2=" ">
    <subfield code="a">38 p.</subfield>
    <subfield code="b">il. </subfield>
  </datafield>
  <datafield tag="520" ind1=" " ind2=" ">
    <subfield code="a">A revista Terras Altas, apresenta o cultura da cidade, abordando temas como: o rio miseric&#xF3;rdia, o padroeiro da cidade, Ibiaenses Ilustres,etc..</subfield>
  </datafield>
  <datafield tag="650" ind1=" " ind2="0">
    <subfield code="a">Munic&#xED;pio de Ibi&#xE1;</subfield>
    <subfield code="9">476</subfield>
  </datafield>
  <datafield tag="650" ind1=" " ind2="0">
    <subfield code="a">Entrevista</subfield>
    <subfield code="9">477</subfield>
  </datafield>
  <datafield tag="650" ind1=" " ind2="0">
    <subfield code="a">Hist&#xF3;ria</subfield>
    <subfield code="9">116</subfield>
  </datafield>
  <datafield tag="650" ind1=" " ind2="0">
    <subfield code="a">Tradi&#xE7;&#xF5;es e Costumes</subfield>
    <subfield code="9">478</subfield>
  </datafield>
  <datafield tag="655" ind1=" " ind2="0">
    <subfield code="a">Revista</subfield>
    <subfield code="9">475</subfield>
  </datafield>
  <datafield tag="942" ind1=" " ind2=" ">
    <subfield code="2">ddc</subfield>
    <subfield code="n">0</subfield>
    <subfield code="c">BK</subfield>
  </datafield>
  <datafield tag="952" ind1=" " ind2=" ">
    <subfield code="0">0</subfield>
    <subfield code="1">0</subfield>
    <subfield code="2">ddc</subfield>
    <subfield code="4">0</subfield>
    <subfield code="7">0</subfield>
    <subfield code="8">REV</subfield>
    <subfield code="a">BIBIB</subfield>
    <subfield code="b">BIBIB</subfield>
    <subfield code="c">LI</subfield>
    <subfield code="d">2025-02-24</subfield>
    <subfield code="e">doa&#xE7;&#xE3;o</subfield>
    <subfield code="l">0</subfield>
    <subfield code="o">352.16 / T324</subfield>
    <subfield code="p">2025-17209</subfield>
    <subfield code="r">2025-02-24 13:54:09</subfield>
    <subfield code="t">Ex. 01</subfield>
    <subfield code="w">2025-02-24</subfield>
    <subfield code="y">BK</subfield>
  </datafield>
  <datafield tag="999" ind1=" " ind2=" ">
    <subfield code="c">258</subfield>
    <subfield code="d">258</subfield>
  </datafield>
</record>
